Mosby's manual of diagnostic and laboratory tests / (Record no. 2754)
[ view plain ]
| 000 -LEADER | |
|---|---|
| fixed length control field | 01887cam a2200289 i 4500 |
| 008 - FIXED-LENGTH DATA ELEMENTS--GENERAL INFORMATION | |
| fixed length control field | 180525s2018 moua bf 001 0 eng c |
| 020 ## - INTERNATIONAL STANDARD BOOK NUMBER | |
| ISBN | 9780323446631 (pbk.) |
| 020 ## - INTERNATIONAL STANDARD BOOK NUMBER | |
| ISBN | 0323446639 (pbk.) |
| 100 1# - MAIN ENTRY--AUTHOR | |
| Author | Pagana, Kathleen Deska, |
| 245 10 - TITLE STATEMENT | |
| Title | Mosby's manual of diagnostic and laboratory tests / |
| Statement of responsibility, etc | Kathleen Deska Pagana, PhD, RN, Professor Emeritus, Department of Nursing, Lycoming College, President, Pagana Keynotes & Presentations, Williamsport, Pennsylvania, Timothy J. Pagana, MD, FACS, Medical Director, Emeritus, The Kathryn Candor Lundy Breast Health Center and The SurgiCenter, Susquehanna Health System, Williamsport, Pennsylvania. |
| 250 ## - EDITION STATEMENT | |
| Edition statement | Sixth edition. |
| 260 ## - PUBLICATION, DISTRIBUTION, ETC. (IMPRINT) | |
| Place of publication | Missouri |
| Name of publisher | Elsevier Ltd |
| Date of publication | 2018 |
| 300 ## - COLLATION | |
| Pagination | xxiii, 1137 pages : |
| Other physical details | illustrations (chiefly color) ; |
| 520 ## - SUMMARY, ETC. | |
| Summary, etc | "Succeed iin clinicals and practice with this user-friendly diagnostic and lab test manual. Writing care plans, understanding and performing tests, and interpreting test results is made easier with Mosby's Manual of Diagnostic and Laboratory Tests, 6th Edition. This essential resource provides clear, concise coverage of over 700 of the most commonly performed diagnostic and laboratory tests. Valuable in academic and clinical settings alike, it is beloved for its full-color design, user-friendly organization, and illustrations that help clarify key concepts"-- |
| 650 #0 - TRACINGS | |
| Main Subject | Diagnosis, Laboratory |
| Subdivision (1st) | Handbooks, manuals, etc. |
| 650 #0 - TRACINGS | |
| Main Subject | Diagnosis, Radioscopic |
| Subdivision (1st) | Handbooks, manuals, etc. |
| 650 #0 - TRACINGS | |
| Main Subject | Reference values (Medicine) |
| Subdivision (1st) | Handbooks, manuals, etc. |
| 650 12 - TRACINGS | |
| Main Subject | Clinical Laboratory Techniques. |
| 650 22 - TRACINGS | |
| Main Subject | Diagnostic Tests, Routine. |
| 650 #7 - TRACINGS | |
| Main Subject | Diagnosis, Laboratory. |
| 650 #7 - TRACINGS | |
| Main Subject | Diagnosis, Radioscopic. |
| 650 #7 - TRACINGS | |
| Main Subject | Reference values (Medicine) |
| 700 1# - ADDITIONAL AUTHOR | |
| Additional Author | Pagana, Timothy James, |
| 942 ## - ADDED ENTRY ELEMENTS (KOHA) | |
| Item type | Books |
| 050 00 - LIBRARY OF CONGRESS CALL NUMBER | |
| Classification number | RB38.2 |
| Item number | .P34 2018 |
| 082 00 - DEWEY DECIMAL CLASSIFICATION NUMBER | |
| Classification number | 616.07/5 |
| Source of classification or shelving scheme | Not for loan | Permanent location | Current location | Date acquired | Accession No. | Full call number | Barcode. | Koha item type |
|---|---|---|---|---|---|---|---|---|
| Library of Congress Classification | Medical Library | Medical Library | 03/27/2025 | 2024/63496 | RB38.2.P34 | 2025-1055 | Books |